000 00845nam a2200217Ia 4500
999 _c40292
_d40292
001 6900
003 GE_BSU
005 20200131150109.0
008 181216s1969||||ge |||||||||||||| ||geo||
040 _cGE_BSU
041 _ageo
080 _a821.353.1-32 გ-69
100 _aგორგილაძე, მიხეილ.
_96562
245 _aსოფლის აღმართი :
_bმოთხრობები /
_cმიხეილ გორგილაძე ; რედ. რ. ართილაყვა.
264 _aბათუმი :
_bსაბჭ.აჭარა,
_c1969.
300 _a202 გვ. ;
_c20 სმ.
653 _aსოფლის აღმართი
653 _aმოთხრობები
700 _aართილაყვა, რ.
_eრედაქტორი
_96554
942 _cBK
_2udc